[Event "Trzcianka Dziedzic Memorial 9th"]
[Site "Trzcianka"]
[Date "2019.10.13"]
[Round "2"]
[White "Plichta, Kamil"]
[Black "Mocny, Tomasz"]
[Result "1-0"]
[WhiteElo "2409"]
[BlackElo "1829"]
[PlyCount "69"]
[EventDate "2019.10.13"]
[EventType "swiss (rapid)"]
[EventRounds "9"]
[EventCountry "POL"]
[SourceTitle "CBM 192 Extra"]
[Source "Chessbase"]
[SourceDate "2019.11.06"]
[SourceVersion "1"]
[SourceVersionDate "2019.11.06"]
[SourceQuality "1"]

1. e4 Nf6 2. e5 Nd5 3. d4 d6 4. Bc4 Nb6 5. Bb3 Nc6 6. e6 fxe6 7. Nf3 e5 8. dxe5 Bg4 9. e6 Na5 10. 0-0 Nxb3 11. axb3 Bxe6 12. Re1 Bg4 13. h3 Bh5 14. Nc3 Qd7 15. Nd5 Nxd5 16. Qxd5 Bxf3 17. Qxf3 Qc6 18. Qd3 a6 19. Bg5 h6 20. Qg6+ Kd8 21. Bh4 Qe8 22. Qe4 c6 23. Rad1 Qd7 24. c4 b6 25. b4 Kc7 26. c5 bxc5 27. bxc5 d5 28. Qb4 Kc8 29. Bg3 g5 30. Ra1 Bg7 31. Rxa6 Qb7 32. Rxa8+ Qxa8 33. Rxe7 Qa1+ 34. Kh2 Kd8 35. Qb7 1-0

[Event "Poznan op 27th"]
[Site "Poznan"]
[Date "2019.08.23"]
[Round "7"]
[White "Stempin, Pawel"]
[Black "Mocny, Tomasz"]
[Result "1-0"]
[WhiteElo "2362"]
[BlackElo "1727"]
[PlyCount "74"]
[EventDate "2019.08.18"]
[EventType "swiss"]
[EventRounds "9"]
[EventCountry "POL"]
[SourceTitle "EXT 2020"]
[Source "ChessBase"]
[SourceDate "2019.10.17"]
[SourceVersion "1"]
[SourceVersionDate "2019.10.17"]
[SourceQuality "1"]

1. d4 Nf6 2. Nf3 d5 3. c4 c6 4. Nc3 e6 5. Bg5 Be7 6. e3 Nbd7 7. Qc2 0-0 8. 0-0-0 dxc4 9. Bxc4 b5 10. Bd3 a5 11. Ne5 Bb7 12. Nxd7 Nxd7 13. Bxh7+ Kh8 14. Bxe7 Qxe7 15. Be4 Nb6 16. Kb1 a4 17. Ne2 b4 18. Qc5 Qh4 19. Nf4 Nd5 20. g3 Qd8 21. Bxd5 Ra5 22. Qxb4 Rb5 23. Qa3 exd5 24. h4 Bc8 25. Ka1 Bf5 26. Rc1 Qa8 27. Rc5 Rb6 28. f3 Rfb8 29. Rh2 Rb3 30. axb3 Rxb3 31. e4 Rxa3+ 32. bxa3 Bh7 33. exd5 cxd5 34. Rb2 Qe8 35. Ka2 Qe3 36. Rxd5 f6 37. Rb8+ Bg8 1-0

[Event "Poznan op 27th"]
[Site "Poznan"]
[Date "2019.08.19"]
[Round "3"]
[White "Mocny, Tomasz"]
[Black "Nowak, Rafal"]
[Result "1-0"]
[WhiteElo "1727"]
[BlackElo "2016"]
[PlyCount "115"]
[EventDate "2019.08.18"]
[EventType "swiss"]
[EventRounds "9"]
[EventCountry "POL"]
[SourceTitle "EXT 2020"]
[Source "ChessBase"]
[SourceDate "2019.10.17"]
[SourceVersion "1"]
[SourceVersionDate "2019.10.17"]
[SourceQuality "1"]

1. c4 e5 2. g3 d6 3. Bg2 f5 4. Nc3 Nf6 5. d3 Be7 6. Nf3 0-0 7. Nd5 c6 8. Nxe7+ Qxe7 9. 0-0 Kh8 10. b3 c5 11. e3 Nc6 12. Bb2 Bd7 13. Ng5 Ng4 14. Nh3 Qf7 15. Qd2 Qh5 16. f3 Nf6 17. Nf2 Rae8 18. d4 exd4 19. exd4 Nxd4 20. Bxd4 cxd4 21. Nh3 f4 22. Nxf4 Qc5 23. Rad1 Qa3 24. Rf2 Qc5 25. Qxd4 Re1+ 26. Rf1 Rxd1 27. Rxd1 Qa5 28. Qxd6 Re8 29. Qd2 Qe5 30. Nd5 Bc6 31. f4 Qf5 32. Nxf6 Qxf6 33. Bxc6 Qxc6 34. Qd5 Qb6+ 35. Kf1 Qe3 36. Qd3 Qc5 37. Qe4 Qh5 38. Rd5 Qf7 39. Re5 Rd8 40. Re7 Qh5 41. Qe2 Qg6 42. Kg2 h6 43. h4 Rd3 44. Re3 Rd4 45. Qf2 Qc6+ 46. Kh2 Qd7 47. Re2 Rd1 48. Qe3 Qg4 49. Qe8+ Kh7 50. Qe4+ Kh8 51. Qc2 Rd8 52. Re7 Qf3 53. Qe2 Qc6 54. Re6 Qd7 55. Qe5 Qd2+ 56. Kh3 Qd7 57. f5 Rf8 58. Rxh6+ 1-0

[Event "Poznan op 25th"]
[Site "Poznan"]
[Date "2017.08.20"]
[Round "1"]
[White "Schmidt, Wlodzimierz"]
[Black "Mocny, Tomasz"]
[Result "1-0"]
[WhiteElo "2272"]
[BlackElo "1731"]
[PlyCount "51"]
[EventDate "2017.08.20"]
[EventType "swiss"]
[EventRounds "9"]
[EventCountry "POL"]
[SourceTitle "CBM 180 Extra"]
[Source "ChessBase"]
[SourceDate "2017.10.06"]
[SourceVersion "1"]
[SourceVersionDate "2017.10.06"]
[SourceQuality "1"]

1. d4 Nf6 2. c4 e6 3. Nc3 d5 4. cxd5 exd5 5. Bg5 Be7 6. e3 0-0 7. Bd3 Nbd7 8. Qc2 Re8 9. Nf3 h6 10. Bf4 c6 11. h3 Nb6 12. 0-0-0 Nc4 13. g4 b5 14. g5 hxg5 15. Nxg5 b4 16. Na4 b3 17. axb3 Na5 18. Rdg1 Bd6 19. Bxd6 Qxd6 20. Nc5 Re7 21. h4 Rb8 22. h5 Nd7 23. h6 Nxc5 24. Bh7+ Kh8 25. hxg7+ Kxg7 26. Ne6+ 1-0

[Event "POL-chT3 Wielkopolskie 1415"]
[Site "Poland"]
[Date "2015.02.01"]
[Round "6.21"]
[White "Mocny, Tomasz"]
[Black "Adamczewski, Jedrzej"]
[Result "0-1"]
[WhiteElo "1903"]
[BlackElo "1931"]
[PlyCount "69"]
[EventDate "2014.11.30"]
[EventType "team-tourn"]
[EventRounds "11"]
[EventCountry "POL"]
[SourceTitle "EXT 2019"]
[Source "ChessBase"]
[SourceDate "2018.10.10"]
[SourceVersion "1"]
[SourceVersionDate "2018.10.10"]
[SourceQuality "1"]

1. e4 c5 2. Nf3 e6 3. d4 cxd4 4. Nxd4 a6 5. Nc3 Qc7 6. Be2 Nf6 7. Bg5 Bb4 8. Bxf6 Bxc3+ 9. Kf1 gxf6 10. bxc3 Qxc3 11. g3 Nc6 12. Nb3 Qe5 13. Bd3 d5 14. f4 Qd6 15. Qf3 dxe4 16. Bxe4 f5 17. Bd3 Bd7 18. Rd1 Qc7 19. Nc5 Nd4 20. Qxb7 Qxb7 21. Nxb7 Bc6 22. Nd6+ Ke7 23. Rg1 Kxd6 24. c3 Nf3 25. Be4+ Kc7 26. Bxc6 Kxc6 27. Rg2 Rhd8 28. Rc1 Rd2 29. Rc2 Rad8 30. Re2 Rxc2 31. Rxc2 Rd2 32. Rc1 Rxh2 33. Rd1 Rh1+ 34. Ke2 Rxd1 35. Kxd1 0-1

[Event "POL-chT3 Wielkopolskie 1415"]
[Site "Poland"]
[Date "2015.02.01"]
[Round "7.15"]
[White "Mocny, Tomasz"]
[Black "Chmielarz, Maciej"]
[Result "1/2-1/2"]
[WhiteElo "1903"]
[BlackElo "1900"]
[PlyCount "79"]
[EventDate "2014.11.30"]
[EventType "team-tourn"]
[EventRounds "11"]
[EventCountry "POL"]
[SourceTitle "EXT 2019"]
[Source "ChessBase"]
[SourceDate "2018.10.10"]
[SourceVersion "1"]
[SourceVersionDate "2018.10.10"]
[SourceQuality "1"]

1. Nf3 d5 2. d4 e6 3. c4 Nf6 4. e3 Nbd7 5. Nbd2 c6 6. Bd3 Bd6 7. 0-0 e5 8. e4 dxe4 9. Nxe4 Nxe4 10. Bxe4 exd4 11. Re1 0-0 12. Qxd4 Bc5 13. Qd3 Nf6 14. Qxd8 Rxd8 15. Bg5 Nxe4 16. Rxe4 f6 17. Bf4 Bf5 18. Ree1 Bd3 19. b3 Kf7 20. Bd2 Bg6 21. h3 Rd7 22. Be3 Bxe3 23. Rxe3 Re8 24. Rae1 Rxe3 25. Rxe3 Rd1+ 26. Kh2 Bb1 27. Re2 Bd3 28. Re3 Bf5 29. Nh4 Be6 30. Nf3 a5 31. a4 Bf5 32. Rc3 Rd3 33. Rxd3 Bxd3 34. Kg3 g5 35. Nd2 Be2 36. f3 Ke6 37. Kf2 Bd1 38. Ke3 Bc2 39. Kd4 f5 40. Kc3 1/2-1/2

[Event "POL-chT3 Wielkopolskie 1314"]
[Site "Poland"]
[Date "2014.02.16"]
[Round "7.19"]
[White "Mocny, Tomasz"]
[Black "Adamczewski, Maciej"]
[Result "0-1"]
[WhiteElo "1920"]
[BlackElo "1858"]
[PlyCount "80"]
[EventDate "2013.10.27"]
[EventType "team-tourn"]
[EventRounds "11"]
[EventCountry "POL"]
[SourceTitle "EXT 2015"]
[Source "ChessBase"]
[SourceDate "2014.11.20"]
[SourceVersion "1"]
[SourceVersionDate "2014.11.20"]
[SourceQuality "1"]
[WhiteTeam "Leszno Wieniawa"]
[BlackTeam "Kalisz KTS"]
[WhiteTeamCountry "POL"]
[BlackTeamCountry "POL"]

1. d4 Nf6 2. Nf3 g6 3. Nc3 Bg7 4. Bg5 d5 5. Bxf6 exf6 6. e4 dxe4 7. Nxe4 Bg4 8. Be2 Qe7 9. Ned2 0-0 10. 0-0 Re8 11. Re1 Nc6 12. c3 Rad8 13. Qa4 Qf8 14. d5 Bxf3 15. Bxf3 Ne5 16. Qxa7 Bh6 17. Ne4 Nxf3+ 18. gxf3 Bg7 19. Qxb7 f5 20. Nd2 Be5 21. Nc4 Bf4 22. Ne3 Rb8 23. Qc6 Qh6 24. Nf1 Qg5+ 25. Kh1 Rxe1 26. Rxe1 Rxb2 27. Qe8+ Kg7 28. Re2 Rb1 29. Re1 Rb2 30. Re2 Rb6 31. Re7 Qf6 32. Rd7 Rb1 33. Kg2 Bd6 34. Ng3 Rb2 35. Rd8 Qg5 36. Rd7 Qf6 37. Rd8 Kh6 38. Rd7 Bc5 39. Rxc7 Rxf2+ 40. Kh3 Qh4+ 0-1